Clinical Anatomy by Regions (Record no. 5161)

MARC details
000 -LEADER
fixed length control field 00483nam a2200205Ia 4500
003 - CONTROL NUMBER IDENTIFIER
control field OSt
005 - DATE AND TIME OF LATEST TRANSACTION
control field 20230918104249.0
008 - FIXED-LENGTH DATA ELEMENTS--GENERAL INFORMATION
fixed length control field 230312s9999||||xx |||||||||||||| ||und||
020 ## - INTERNATIONAL STANDARD BOOK NUMBER
International Standard Book Number 81-89836-96-2
040 ## - CATALOGING SOURCE
Transcribing agency abc
082 ## - DEWEY DECIMAL CLASSIFICATION NUMBER
Classification number 611
Item number SNE-C
100 ## - MAIN ENTRY--PERSONAL NAME
Personal name Snell,Richard.S
245 #0 - TITLE STATEMENT
Title Clinical Anatomy by Regions
250 ## - EDITION STATEMENT
Edition statement 8th .ed
260 ## - PUBLICATION, DISTRIBUTION, ETC.
Name of publisher, distributor, etc. Lippincott William &Wilkins
Place of publication, distribution, etc. India
Date of publication, distribution, etc. 2010
300 ## - PHYSICAL DESCRIPTION
Extent 926
546 ## - LANGUAGE NOTE
Language note Eng.
650 ## - SUBJECT ADDED ENTRY--TOPICAL TERM
Topical term or geographic name entry element Medical
Form subdivision Anatomy
942 ## - ADDED ENTRY ELEMENTS (KOHA)
Koha item type BOOK
Source of classification or shelving scheme Dewey Decimal Classification
Holdings
Withdrawn status Lost status Source of classification or shelving scheme Damaged status Not for loan Home library Current library Date acquired Total Checkouts Full call number Barcode Date last seen Price effective from Koha item type
    Dewey Decimal Classification     Superior Information Resource Center (SIRC) Superior University- Central Library Superior Information Resource Center (SIRC) Superior University- Central Library 03/13/2023   611 SNE-C 2010 5239 03/13/2023 03/13/2023 BOOK

Powered by Koha